Catálogo público

Producción y comercialización de ganado porcino en pie en el estado de Guanajuato / (Record no. 168627)

MARC details
000 -CABECERA
campo de control de longitud fija 00872nam a2200289Ia 4500
001 - NÚMERO DE CONTROL
campo de control Z_5534
003 - IDENTIFICADOR DEL NÚMERO DE CONTROL
campo de control CHAP
008 - DATOS DE LONGITUD FIJA--INFORMACIÓN GENERAL
campo de control de longitud fija 220113s2007 xx 000 0 und d
010 ## - NÚMERO DE CONTROL DE LA BIBLIOTECA DEL CONGRESO
Número de control de LC 168627
040 ## - FUENTE DE LA CATALOGACIÓN
Centro/agencia transcriptor CHAP
090 ## - LOCALMENTE ASIGNADO TIPO-LC NÚMERO DE CLASIFICACIÓN (OCLC); NÚMERO DE CLASIFICACIÓN LOCAL (RLIN)
Número de clasificación (OCLC) (R) ; Numero de clasificación, CALL (RLIN) (NR) Tesis G 132
100 ## - ENTRADA PRINCIPAL--NOMBRE DE PERSONA
Nombre de persona González Ruiz, Alma Rosalba
9 (RLIN) 49381
245 ## - MENCIÓN DE TÍTULO
Título Producción y comercialización de ganado porcino en pie en el estado de Guanajuato /
Mención de responsabilidad, etc. Alma Rosalba González Ruiz
260 ## - PUBLICACIÓN, DISTRIBUCIÓN, ETC.
Lugar de publicación, distribución, etc. Chapingo, Méx. :
Nombre del editor, distribuidor, etc. El autor,
Fecha de publicación, distribución, etc. 2007
300 ## - DESCRIPCIÓN FÍSICA
Extensión 68 h.
502 ## - NOTA DE TESIS
Nota de tesis Tesis (Ing. Agr. Esp. en Zootecnia) UACH. Departamento de Zootecnia
650 ## - PUNTO DE ACCESO ADICIONAL DE MATERIA--TÉRMINO DE MATERIA
Término de materia o nombre geográfico como elemento de entrada Ganado porcino
Subdivisión general Guanajuato
9 (RLIN) 45371
650 ## - PUNTO DE ACCESO ADICIONAL DE MATERIA--TÉRMINO DE MATERIA
Término de materia o nombre geográfico como elemento de entrada Ganado porcino
Subdivisión general Mercadeo
9 (RLIN) 45383
650 ## - PUNTO DE ACCESO ADICIONAL DE MATERIA--TÉRMINO DE MATERIA
Término de materia o nombre geográfico como elemento de entrada Ganado porcino
Subdivisión general Producción
9 (RLIN) 45399
650 ## - PUNTO DE ACCESO ADICIONAL DE MATERIA--TÉRMINO DE MATERIA
Término de materia o nombre geográfico como elemento de entrada Granjas porcinas
9 (RLIN) 50413
901 ## - ELEMENTOS DE DATOS A LOCAL LDA (RLIN)
a TESIS G 132
902 ## - ELEMENTOS DE DATOS B LOCAL, LDB (RLIN)
a M
910 ## - DATOS DE OPCIÓN DEL USUARIO (OCLC)
Datos de opción del usuario 2007
942 ## - ELEMENTOS DE PUNTO DE ACCESO ADICIONAL (KOHA)
Tipo de ítem Koha Tesis_
942 ## - ELEMENTOS DE PUNTO DE ACCESO ADICIONAL (KOHA)
Tipo de ítem Koha Tesis_
Holdings
Estado de retiro Estado de pérdida Estado dañado No para préstamo Localización permanente Ubicación/localización actual Ubicación en estantería Fecha de adquisición Información codificada de la localización en otra ubicación Total de préstamos Código de barras Fecha visto por última vez Número de copia Precio válido a partir de Tipo de ítem Koha Nota pública
        Zootecnia Zootecnia   25/09/2007 2   z_T 3443 18/01/2022 1 18/01/2022 Tesis_ 2
        Zootecnia Zootecnia   25/09/2007 2   z_T 3444 18/01/2022 2 18/01/2022 Tesis_ 3